000 00380pab a2200157 454500
008 180718b2011 xxu||||| |||| 00| 0 eng d
100 _aCappelli, Peter
245 _aHR Sourcing decision and risk management
260 _c2011
300 _ap.310-316.
362 _aOct-Dec
650 _aHuman Resources
773 _aOrganizational Dynamics
908 _aN
909 _a94245
999 _c94245
_d94245